| 000 | 01427nam0a2200373 4500 | ||
|---|---|---|---|
| 001 | RU\NLR\bibl\215649 | ||
| 005 | 20260406044407.0 | ||
| 010 |
_a5-86882-065-5 _91000 |
||
| 021 |
_aRU _b2001-36910 _91753 |
||
| 035 | _a(NLR Aleph) 000211781 | ||
| 090 |
_a1229393 _c1229393 |
||
| 100 | _a20011217d2000 |||y0rusy50 ca | ||
| 101 | 0 | _arus | |
| 102 | _aRU | ||
| 105 | _aa ||||||||| | ||
| 200 | 1 |
_aУстройства охранной сигнализации _fВ. В. Волхонский |
|
| 205 | _a2-е изд., доп. и перераб. | ||
| 210 |
_aСПб. _cЭкополис и культура _d2000 |
||
| 215 |
_a311 с. _cил. _d21 |
||
| 320 | _aБиблиогр.: с. 304-308 | ||
| 606 | 0 |
_aСигнализация охранная _xАппараты и приборы _92071462 _3RU\NLR\auth\661246227 |
|
| 606 | 0 |
_aОхранная сигнализация _xАппараты и приборы _92226985 _3RU\NLR\auth\661336861 |
|
| 610 | 0 | _aОхранная сигнализация - Аппаратура | |
| 675 |
_a654.924 _v3 _zrus |
||
| 686 |
_a49 _2rugasnti |
||
| 686 |
_a32.885 _2rubbk |
||
| 686 | _aЗ885.24-5 | ||
| 700 | 1 |
_4070 _8rus _7ca _aВолхонский _bВ. В. _gВладимир Владимирович _3RU\NLR\auth\774265 _9114247 |
|
| 801 | 0 |
_aRU _bRKP _c20011217 _gPSBO |
|
| 801 | 1 |
_aRU _bRKP _c20011217 |
|
| 801 | 2 |
_aRU _bNLR _c20020228 _grcr |
|
| 942 | _cBOOK | ||
| 980 | _aNB | ||